• 首页
  • 本馆介绍
  • 公告通知
  • 最新文献
  • 馆藏检索
  • 电子资源
  • 读者导购
  • 参考咨询
  • 我的图书馆
  • 登录
  • 详细信息显示
  • 放入我的书架
  • 预约/预借图书
  • 作者相关作品
  • 分类相关作品
  • 丛书相关作品
  • 出版社相关作品

书目信息

  • 表格格式
  • 工作单格式
  • 卡片格式
题名:
中国现代学术要略
    
 
作者: 刘梦溪 著
分册:  
出版信息: 北京   三联书店  2008
页数: 256页
开本: 23cm
丛书名:
单 册:
中图分类: B260.5
科图分类:
主题词: 学术思想--思想史--中国--现代 , 学术思想
电子资源:
ISBN: 978-7-108-02702-3
000 00813nam0 2200229 450
001 1153470645
005 20111003145250.21
010    @a978-7-108-02702-3@dCNY27.00
100    @a20080604d2008 em y0chiy50 ea
101 0  @achi
102    @aCN@b110000
105    @ay z 000yy
200 1  @a中国现代学术要略@9zhong guo xian dai xue shu yao lve@f刘梦溪著
210    @a北京@c三联书店@d2008
215    @a256页@d23cm
330    @a本书内容包括:学术思想的隆替与变异;多元并立的中国传统学术;传统学术向现代学术转变:经今古文学的互动;中国现代学术的发端与繁盛;中国现代学术的学术传统;学术史具有恒在意义的东西等。
606 0  @a学术思想@x思想史@y中国@z现代
606 0  @a学术思想
690    @aB260.5@v4
701  0 @a刘梦溪@9liu meng xi@f(1941~)@4著
801  0 @aCN@b91MARC@c20101222
905    @a10447@dB260.5@eJY227
    
    中国现代学术要略/刘梦溪著.-北京:三联书店,2008
    256页;23cm
    
    
    ISBN 978-7-108-02702-3:CNY27.00
    本书内容包括:学术思想的隆替与变异;多元并立的中国传统学术;传统学术向现代学术转变:经今古文学的互动;中国现代学术的发端与繁盛;中国现代学术的学术传统;学术史具有恒在意义的东西等。
●
相关链接 在E读中查询图书 在五车中查询图书 在当当中查询图书 在豆瓣中查询图书


正题名:中国现代学术要略     索取号:B260.5/JY227         预约/预借

序号 登录号 条形码 馆藏地/架位号 状态 备注
1 7824786   278247862   学院路分馆/ [索取号:B260.5/JY227] 在馆    
2 7824787   278247871   学院路分馆/ [索取号:B260.5/JY227] 在馆    
3 7824788   278247880   学院路分馆/ [索取号:B260.5/JY227] 在馆    
唐山师范学院图书馆 欢迎您!
大连网信软件有限公司© 版权所有